| 000 | 00443nam a22001817a 4500 | ||
|---|---|---|---|
| 003 | MPLRDC | ||
| 005 | 20220104142343.0 | ||
| 008 | 210129b ||||| |||| 00| 0 eng d | ||
| 020 | _a978-7-5113-1230-3 | ||
| 082 | _a593.4 DQ | ||
| 100 | _a德群 编著 | ||
| 245 |
_a西点军校 _c |
||
| 250 | _a一版一刷 | ||
| 260 |
_a中国 _b中国华侨出版社 _c2011 |
||
| 300 | _b387 | ||
| 650 | _a军事养成教育 | ||
| 942 |
_cBK _o593.4 DQ |
||
| 999 |
_c30144 _d30134 |
||